| 000 | 00636nam a2200205 a 4500 | ||
|---|---|---|---|
| 001 | 0822 | ||
| 005 | 20140414131847.0 | ||
| 008 | 040930s19uu xx 00 eng d | ||
| 020 | _a1-58105-679-6 | ||
| 050 |
_aM 862 _bAd1 2001 |
||
| 100 | _aAda, Alma Flor | ||
| 245 |
_aScene from the top hat (Theater C) / _cAlma Flor Ada, F. Isabel Campoy. |
||
| 260 |
_aMiami, Florida : _bSantillana USA, _c2001. |
||
| 300 | _a32 p. : ill. ; cm. | ||
| 440 | _aTheater | ||
| 500 | _aContents: Raise the curtain!--Christmas presents--Charlotte's bicycle--Goldie Hen. | ||
| 650 | _aHispanic-Americans. | ||
| 650 | _aTheaters. | ||
| 999 |
_c109967 _d109967 |
||